|
|
|
|
| LEADER |
00000nab a2200000 a 4500 |
| 001 |
vtls009166418 |
| 003 |
SK-MaSNL |
| 005 |
20260304152207.0 |
| 008 |
250506c1951 xo |||||| b ||00 b|slo |
| 015 |
|
|
|a SNBRB2007/12
|2 snkbucl
|
| 035 |
|
|
|a (uuid)b4cd4d1e-5f08-4192-9192-6e524db8bc44
|
| 035 |
|
|
|a urn:nbn:sk:snk-ab1ex1
|
| 035 |
|
|
|a (urnnbn)urn:nbn:sk:snk:ar-0032o0
|
| 038 |
|
|
|a SNKBUCL
|
| 040 |
|
|
|a SNKBUCL
|b slo
|c SNKBUCL
|e AACR2
|
| 041 |
0 |
|
|a slo
|
| 044 |
|
|
|a xo
|c SK
|
| 080 |
|
|
|a 81`373
|2 1997
|
| 100 |
1 |
|
|a Peciar, Štefan,
|d 1912-1989
|4 aut
|9 101102
|
| 245 |
1 |
0 |
|a O základnom slovnom fonde
|c Štefan Peciar
|
| 504 |
|
|
|a Bibliogr. odkazy
|
| 650 |
0 |
7 |
|a slovná zásoba
|2 snkbucl
|9 66837
|
| 650 |
0 |
7 |
|a základný slovný fond
|2 snkbucl
|9 1219442
|
| 773 |
0 |
|
|t Slovenská reč
|g Roč. XVI, č. 8 (1950/1951), s. 225-228
|
| 850 |
|
|
|a Slovenská národná knižnica
|
| 852 |
|
|
|a Slovenská národná knižnica
|
| 954 |
|
|
|a odborná, vedecká literatúra pôvodná (slovenská)
|2 lita
|
| 958 |
|
|
|a article27
|
| 958 |
|
|
|a NB
|
| 958 |
|
|
|a OND
|
| 958 |
|
|
|a EUIPO
|
| 999 |
|
|
|c 2947680
|d 2949610
|